000 00675nam a2200181 i 4500
001 41140
003 ES-MaACL
005 20230906160359.0
007 t|
008 030310s1930 sp ||||1| spa d
245 0 0 _aCartulario de San Millán de la Cogolla /
_cpor Luciano Serrano, Abad de Silos.
260 _aMadrid :
_b[s.n.,
_c1930] (
_eBurgos :
_fImp. Aldecoa)
300 _aCXII, 352 p. ;
_c25 cm.
500 _aPrecede al tít. Junta de Ampliación de Estudios e Investigaciones Científicas, Centro de Estudios Históricos.
700 1 _aSerrano, Luciano.
_9105704
710 2 _aCentro de Estudios Históricos (1910-1939)
_92638
852 _aES-MaACL
_jA-103
_bR.9715
999 _c41140
_d41140